| 000 | 00636nam a2200181Ia 4500 | ||
|---|---|---|---|
| 003 | LDD | ||
| 008 | 190117s9999 xx 000 0 und d | ||
| 020 | _c₹10 | ||
| 040 | _cLDD | ||
| 041 | _ahi | ||
| 082 | _a291.092 थि5152ब | ||
| 100 | _aथिप्पेरूद्र,स्वामी,एच. | ||
| 245 | 0 |
_aबसवेश्वर _cस्वामी एच. थिप्पेरूद्र |
|
| 260 |
_aनई दिल्ली _bसाहित्य अकादमी _c1982 |
||
| 300 | _a60प्र. | ||
| 440 | _aभारतीय साहित्य के निर्माता | ||
| 942 |
_2ddc _cH |
||
| 999 |
_c160890 _d160890 |
||